| 000 | 00339nam a22001457a 4500 | ||
|---|---|---|---|
| 003 | SGT | ||
| 082 |
_a617.643 _bO21S |
||
| 100 | _aSingh, Suri | ||
| 245 | _aOrthodontics in Adults Diagnosis... | ||
| 260 |
_aGurugram, Haryana _bSGT University _c2021 |
||
| 300 | _a160 | ||
| 650 | _aOrthodontics | ||
| 653 | _aOrthodontics | ||
| 942 |
_2ddc _cTH |
||
| 999 |
_c23624 _d23624 |
||